00310nam a22001217a 4500082002500000100001700025245003700042250000900079260004200088300001300130526003700143650000800180 a691bRAJcL-14, P-22 aRajaraman, S aBuilding materialscS. Rajaraman a9th  aIndiabST. Joseph's Press, Trivandrum a284 p. : a0b0c0d691_000000000000000_RAJ aMCE